000 00301nam a22001337a 4500
008 190305b xxu||||| |||| 00| 0 eng d
020 _a9780139743955
041 _aeng
080 _a316
100 _a50
101 _aSOC
245 _aAdjustment and Human Relations
_cAlexader, T
942 _2udc
_cBK
999 _c54468
_d54468